000 00629nam a2200217Ia 4500
003 OSt
005 20221005072546.0
006 a|||||r|||| 00| 0
007 ta
008 221004b |||||||| |||| 00| 0 eng d
024 _a2029
037 _bGift, 24/01/2013,
_cTextual
040 _aCRL
_cCRL
_beng
041 _2eng
_aeng
082 _aV2:19(zP), [M0]
245 0 _aIndia's need for strategic balance
_b Security in the post cold war world
260 _aNew Delhi
_bPolicy Group India
_c1980
650 _aHISTORY
942 _hV2:19(zP), [M0]
_cTEXL
_2cc
999 _c979611
_d979611